[Event "FIDE Chesscom Grand Swiss 2019"]
[Site "Douglas-Isle of Man"]
[Date "2019.10.21"]
[Round "11.34"]
[White "Artemiev, Vladislav"]
[Black "Gukesh D"]
[Result "1/2-1/2"]
[WhiteElo "2746"]
[BlackElo "2520"]
[Annotator "TA"]
[PlyCount "60"]
[EventDate "2019.10.10"]
[EventType "swiss"]
[EventCountry "GBR"]
[SourceTitle "playchess.com"]
[Source "ChessBase"]
[SourceQuality "1"]

{[%evp 20,60,25,8,24,0,16,0,0,0,0,0,0,-32,-38,-43,-41,-70,-30,-32,-25,-40,-43,-45,-58,-55,-51,-62,-58,-42,-42,-52,-41,-110,-117,-117,-118,-118,-118,-116,-105,-172,-149]} 1. c4 e6 2. Nf3 d5 3. e3 Nf6 4. Nc3 Be7 5. b3 O-O 6. Bb2 dxc4 7. bxc4 b6 8. d4 Bb7 9. Bd3 Nbd7 10. O-O c5 11. Qe2 Re8 {E14: Queen's Indian: Classical Variation (4 e3)} 12. d5 $146 ({Predecessor:} 12. Rad1 cxd4 13. exd4 Bf8 14. Rfe1 Rc8 15. Ne5 g6 16. f4 Bg7 17. Kh1 a6 18. a4 Nb8 19. Bb1 Nc6 20. d5 exd5 21. cxd5 {0-1 (33) Bacrot,E (2695)-Kasimdzhanov,R (2690) Moscow 2007}) 12... exd5 13. cxd5 Bd6 {The position is equal.} 14. Rad1 a6 15. a4 Ne5 16. Bb1 Nxf3+ 17. Qxf3 Be5 18. Qh3 Qe7 19. d6 Qe6 20. d7 Red8 $1 {aiming for ...Qb3.} 21. Qxe6 $1 fxe6 22. Ba2 Kf7 23. f4 Bxc3 $1 24. Bxc3 Ke7 25. Rb1 Nxd7 26. f5 {[#]} (26. Rb2 $15) 26... Be4 $1 $17 {[%cal Re4b1]} 27. Rb2 exf5 28. Bxg7 {[#]} b5 $1 {[%mdl 512]} 29. Bh6 (29. axb5 axb5) 29... Nf6 ({And not} 29... bxa4 30. Bg5+ Ke8 31. Bxd8 $16) 30. axb5 (30. Bg5 $17) 30... axb5 {Accuracy: White = 53%, Black = 84%.} 1/2-1/2

[Event "FIDE Chesscom Grand Swiss 2019"]
[Site "Douglas-Isle of Man"]
[Date "2019.10.21"]
[Round "11.34"]
[White "Rodshtein, Maxim"]
[Black "Houska, Jovanka"]
[Result "1-0"]
[WhiteElo "2684"]
[BlackElo "2430"]
[Annotator "TA"]
[PlyCount "85"]
[EventDate "2019.10.10"]
[EventType "swiss"]
[EventCountry "GBR"]
[SourceTitle "playchess.com"]
[Source "ChessBase"]
[SourceQuality "1"]

{[%evp 11,85,19,21,25,32,21,34,34,34,41,35,29,52,30,40,43,43,44,40,40,40,36,35,29,37,23,47,29,54,64,97,108,94,97,89,79,103,95,95,100,235,235,269,264,288,279,284,268,267,270,279,268,297,312,641,643,637,584,552,462,585,477,683,666,686,662,917,917,1049,1178,1181,1172,1139,1113,1060,1056]} 1. e4 c6 2. d4 d5 3. e5 Bf5 4. Nf3 e6 5. Be2 Ne7 6. O-O h6 7. Nbd2 {B12: Caro-Kann: Advance Variation} Nd7 8. Nb3 Qc7 (8... g5 9. a4 Bg7 10. a5 O-O 11. c3 Qc7 12. h4 g4 13. Ne1 h5 14. Nd3 Ng6 {0-1 (47) Alekseenko,K (2668)-Artemiev,V (2757) Izhevsk 2019}) 9. Bd2 {White is slightly better.} Nc8 10. a4 {[%cal Ba2a4,Ba4a5][%mdl 32]} Be7 11. a5 a6 $146 ({Predecessor:} 11... b5 12. axb6 Ncxb6 13. Na5 c5 14. dxc5 Bxc5 {1-0 (60) Berescu,A (2489)-Vedmediuc,S (2396) Bucharest 2008}) 12. Rc1 Na7 13. c4 dxc4 14. Bxc4 O-O 15. Qe2 Rfd8 16. h3 Nf8 17. Be3 Rd7 18. Rfd1 Qd8 19. Ne1 Nb5 20. Nd3 Qc7 21. Ndc5 Rdd8 22. f4 Nd7 23. Na4 Bb4 24. Bd2 Bxd2 25. Rxd2 Nf8 (25... Re8 $16) 26. Nb6 $18 Rab8 27. g4 Bh7 28. Bxb5 axb5 {[#]} 29. d5 $1 {[%cal Rd5d6][%mdl 512]} exd5 {[#]} (29... cxd5 30. Rxc7) 30. Nxd5 $1 {[%mdl 512]} Rxd5 (30... cxd5 31. Rxc7) 31. Rxd5 {[%mdl 64] Pin} Ne6 32. Qe3 Be4 $2 (32... Bb1 33. f5 Ng5) 33. Rd6 {White is clearly winning.} ({Less strong is} 33. Qxe4 cxd5 34. Qxd5 Qe7 $11) 33... Bh7 34. f5 Nf8 35. Rcd1 Re8 36. Kg2 Qe7 (36... b4 $142 37. Qf4 Kh8 38. Qxb4 Kg8) 37. Nc5 h5 38. Kg3 b4 39. Rd7 h4+ 40. Kf3 Qxe5 41. Qxe5 Rxe5 42. Rxb7 Rxc5 43. a6 {Accuracy: White = 99%, Black = 38%.} 1-0

[Event "FIDE Chesscom Grand Swiss 2019"]
[Site "Douglas-Isle of Man"]
[Date "2019.10.21"]
[Round "11.35"]
[White "Boruchovsky, Avital"]
[Black "Ushenina, Anna"]
[Result "1/2-1/2"]
[WhiteElo "2533"]
[BlackElo "2431"]
[Annotator "ChessBase"]
[PlyCount "83"]
[EventDate "2019.10.10"]
[EventType "swiss"]
[EventCountry "GBR"]
[SourceTitle "playchess.com"]
[Source "ChessBase"]
[SourceQuality "1"]
[TimeControl "40/6000+30:20/3000+30:900+30"]

1. Nf3 {[%emt 0:00:00]} d5 {[%emt 0:00:00]} 2. g3 {[%emt 0:00:00]} Bg4 {[%emt 0:00:39]} 3. Bg2 {[%emt 0:00:00]} c6 {[%emt 0:00:02]} 4. O-O {[%emt 0:00:09]} Nd7 {[%emt 0:01:09]} 5. d4 {[%emt 0:00:14]} e6 {[%emt 0:00:21]} 6. Nbd2 {[%emt 0:00:09]} Ngf6 {[%emt 0:08:23]} 7. Re1 {[%emt 0:00:09]} Be7 {[%emt 0:01:49]} 8. e4 {[%emt 0:00:10]} dxe4 {[%emt 0:01:25]} 9. Nxe4 {[%emt 0:00:04]} Nxe4 {[%emt 0:00:06]} 10. Rxe4 {[%emt 0:00:11]} Bf5 {[%emt 0:00:20]} 11. Re1 {[%emt 0:00:08]} O-O {[%emt 0:00:20]} 12. c3 {[%emt 0:00:07]} a5 {[%emt 0:00:27]} 13. Bf4 {[%emt 0:04:17]} Qb6 {[%emt 0:00:36]} 14. Qe2 {[%emt 0:00:09]} Qa6 {[%emt 0:05:09]} 15. c4 {[%emt 0:01:36]} Nf6 {[%emt 0:06:54]} 16. h3 {[%emt 0:05:40]} Rad8 {[%emt 0:09:51]} 17. g4 {[%emt 0:01:04]} Bg6 {[%emt 0:02:57]} 18. Rad1 {[%emt 0:00:46]} h6 {[%emt 0:04:53]} 19. a3 {[%emt 0:16:13]} a4 {[%emt 0:04:25]} 20. Ne5 {[%emt 0:09:18]} Bh7 {[%emt 0:00:29]} 21. h4 {[%emt 0:00:10]} Nd7 {[%emt 0:00:51]} 22. Nf3 {[%emt 0:00:09]} Rfe8 {[%emt 0:13:44]} 23. Bc7 {[%emt 0:03:12]} Rc8 {[%emt 0:01:45]} 24. Bg3 {[%emt 0:00:08]} Qa5 {[%emt 0:05:58]} 25. Qe3 {[%emt 0:09:03]} Bg6 {[%emt 0:03:26]} 26. Bf4 {[%emt 0:06:36]} h5 {[%emt 0:02:16]} 27. g5 {[%emt 0:01:26]} Rcd8 {[%emt 0:06:25]} 28. Qe2 {[%emt 0:07:49]} Qf5 {[%emt 0:03:13]} 29. Bg3 {[%emt 0:00:44]} Qc2 {[%emt 0:00:46]} 30. Rd2 {[%emt 0:01:43]} Qb3 {[%emt 0:00:35]} 31. Rc1 {[%emt 0:08:31]} Qb6 {[%emt 0:00:09]} 32. Rc3 {[%emt 0:01:49]} Bf5 {[%emt 0:05:22]} 33. Nh2 {[%emt 0:00:48]} g6 {[%emt 0:01:13]} 34. Re3 {[%emt 0:06:24]} Qa6 {[%emt 0:05:28]} 35. Bc7 {[%emt 0:00:35]} Rc8 {[%emt 0:00:01]} 36. Bf4 {[%emt 0:00:07]} Nb6 {[%emt 0:00:46]} 37. Rc3 {[%emt 0:04:39]} Bf8 {[%emt 0:03:09]} 38. Nf1 {[%emt 0:06:27]} Bg4 {[%emt 0:06:48]} 39. Qd3 {[%emt 0:05:21]} Bf5 {[%emt 0:00:03]} 40. Qe2 {[%emt 0:00:15]} Bg4 {[%emt 0:00:02]} 41. Qd3 {[%emt 0:51:26]} Bf5 {[%emt 0:51:16]} 42. Qe2 {[%emt 0:00:06]} 1/2-1/2

[Event "FIDE Chesscom Grand Swiss 2019"]
[Site "Douglas-Isle of Man"]
[Date "2019.10.21"]
[Round "11.36"]
[White "Rakotomaharo, Fy Antenaina"]
[Black "Atalik, Ekaterina"]
[Result "1-0"]
[WhiteElo "2428"]
[BlackElo "2464"]
[Annotator "ChessBase"]
[PlyCount "65"]
[EventDate "2019.10.10"]
[EventType "swiss"]
[EventCountry "GBR"]
[SourceTitle "playchess.com"]
[Source "ChessBase"]
[SourceQuality "1"]
[TimeControl "40/6000+30:20/3000+30:900+30"]

1. e4 {[%emt 0:00:00]} c6 {[%emt 0:00:00]} 2. Nf3 {[%emt 0:00:18]} d5 {[%emt 0:00:05]} 3. d3 {[%emt 0:00:10]} Bg4 {[%emt 0:02:17]} 4. h3 {[%emt 0:00:20]} Bxf3 {[%emt 0:00:10]} 5. Qxf3 {[%emt 0:00:06]} e6 {[%emt 0:00:22]} 6. g3 {[%emt 0:00:15]} Nd7 {[%emt 0:00:51]} 7. Bg2 {[%emt 0:00:24]} Ngf6 {[%emt 0:01:42]} 8. Qe2 {[%emt 0:03:07]} Qc7 {[%emt 0:02:05]} 9. Nd2 {[%emt 0:01:17]} O-O-O {[%emt 0:02:27]} 10. O-O {[%emt 0:06:05]} h5 {[%emt 0:01:25]} 11. Nf3 {[%emt 0:00:38]} Bd6 {[%emt 0:09:20]} 12. c3 {[%emt 0:04:36]} Nh7 {[%emt 0:06:52]} 13. b4 {[%emt 0:16:20]} dxe4 {[%emt 0:27:54]} 14. Qxe4 {[%emt 0:10:33]} h4 {[%emt 0:11:35]} 15. Qxh4 {[%emt 0:08:16]} g5 {[%emt 0:05:45]} 16. Qd4 {[%emt 0:18:16]} Nb6 {[%emt 0:01:51]} 17. Qe3 {[%emt 0:00:06]} Rhg8 {[%emt 0:05:57]} 18. Bd2 {[%emt 0:03:28]} g4 {[%emt 0:03:11]} 19. hxg4 {[%emt 0:00:40]} Rxg4 {[%emt 0:00:13]} 20. Qh6 {[%emt 0:00:36]} Rh8 {[%emt 0:08:25]} 21. c4 {[%emt 0:04:49]} Bf8 {[%emt 0:02:15]} 22. Qh5 {[%emt 0:00:37]} Rgg8 {[%emt 0:07:10]} 23. Bf4 {[%emt 0:06:58]} Qe7 {[%emt 0:07:08]} 24. Qe5 {[%emt 0:03:08]} Kd8 {[%emt 0:00:12]} 25. Qb8+ {[%emt 0:04:15]} Nc8 {[%emt 0:00:05]} 26. b5 {[%emt 0:00:03]} c5 {[%emt 0:01:49]} 27. Ne5 {[%emt 0:01:13]} Ng5 {[%emt 0:00:16]} 28. Bxg5 {[%emt 0:00:44]} Rxg5 {[%emt 0:00:09]} 29. Bxb7 {[%emt 0:00:14]} Qc7 {[%emt 0:01:51]} 30. Qxc7+ {[%emt 0:02:46]} Kxc7 {[%emt 0:00:04]} 31. Nxf7 {[%emt 0:00:20]} Rg7 {[%emt 0:00:17]} 32. Nxh8 {[%emt 0:00:14]} Kxb7 {[%emt 0:00:50]} 33. Rae1 {[%emt 0:00:12]} 1-0

[Event "FIDE Chesscom Grand Swiss 2019"]
[Site "Douglas-Isle of Man"]
[Date "2019.10.21"]
[Round "11.37"]
[White "Batsiashvili, Nino"]
[Black "Bulmaga, Irina"]
[Result "1-0"]
[WhiteElo "2422"]
[BlackElo "2442"]
[Annotator "TA"]
[PlyCount "131"]
[EventDate "2019.10.10"]
[EventType "swiss"]
[EventCountry "GBR"]
[SourceTitle "playchess.com"]
[Source "ChessBase"]
[SourceQuality "1"]

{[%evp 9,131,21,20,0,34,40,38,36,36,30,83,82,73,43,73,73,84,60,159,152,169,91,110,78,87,96,124,77,99,85,93,95,131,129,268,265,283,214,214,175,402,332,326,245,249,248,257,259,267,263,249,258,253,254,253,253,237,191,205,223,234,241,321,311,371,361,383,388,377,371,371,362,422,404,400,387,403,381,422,412,419,433,437,441,429,425,467,449,468,465,441,428,525,526,502,530,514,517,502,484,1127,1108,1065,1050,1032,885,1318,1353,1390,1362,1087,1069,1958,1931,5915,4631,29960,29959,29937,4929,29989,29990,29990,29991]} 1. d4 Nf6 2. Bf4 e6 3. e3 b6 4. Qf3 (4. Nf3 Bb7 5. Nbd2 d6 6. h3 Nbd7 7. Bh2 Qe7 8. a4 a5 9. Bb5 g6 10. O-O Bg7 11. Re1 O-O 12. e4 e5 13. c3 Nh5 14. Bxd7 Qxd7 15. dxe5 dxe5 16. Nxe5 {1-0 (30) Kamsky,G (2685)-Perunovic,M (2569) Barcelona 2019}) 4... d5 5. Nc3 Bb7 6. Bd3 $146 {A45: Trompowsky Attack} ({Predecessor:} 6. O-O-O a6 7. g4 Bd6 8. g5 Ne4 9. Nxe4 dxe4 10. Qg4 Bxf4 11. Qxf4 Qd6 {1-0 (74) Souza Neves,A (2205)-Rothebarth,A (2058) Florianopolis 2016}) 6... Bb4 7. Nge2 c5 8. a3 {White is slightly better.} Bxc3+ 9. Nxc3 {Black must now prevent Nb5.} a6 (9... Nc6 $11 {remains equal.}) 10. g4 Nc6 11. g5 Nd7 12. O-O-O c4 13. Bf1 O-O (13... b5 $14) 14. h4 $16 b5 15. h5 (15. Qg3 $18) 15... f5 16. gxf6 Nxf6 17. Bh3 {Strongly threatening h6.} Qe7 18. Rhg1 Rf7 19. Rg3 Raf8 20. Rdg1 Ne8 21. Qg4 Nd8 (21... Rxf4 $16 22. exf4 Nxd4) 22. Be5 $18 Nf6 23. Qg5 Ne8 24. Ne2 Nc6 $2 (24... Qxg5 25. Rxg5 Bc6) 25. Nf4 Bc8 26. Bxg7 Rxg7 27. Qxe7 $1 Nxe7 28. Rxg7+ (28. Bxe6+ Kh8 $11) 28... Nxg7 29. h6 {[%mdl 64] Pin} Rf7 {[#]} 30. Bxe6 $1 ({Not} 30. hxg7 Rxg7 31. Rh1 (31. Bxe6+ Bxe6 32. Rxg7+ Kxg7 $18) 31... Rf7 $16) 30... Bxe6 31. Nxe6 {[%mdl 64] Pin} Ng6 32. Nxg7 ({Resist} 32. hxg7 $6 Rf6 $16) 32... Rxf2 {[%mdl 4096] Endgame KRN-KRN} 33. Rg5 Re2 34. Rxd5 Rxe3 {[#]} 35. Rd6 $1 Kf7 36. Rxa6 Nf4 37. Nf5 Re1+ 38. Kd2 Re2+ 39. Kd1 Rh2 40. Nd6+ Ke6 41. Nxb5+ Kd5 42. Ra8 Rxh6 43. Rd8+ Ke4 44. Nd6+ Kf3 45. Nxc4 Rh1+ 46. Kd2 Ke4 47. b4 Rh2+ 48. Kc3 Ne2+ 49. Kb2 Nxd4 50. Re8+ Kf4 51. Kc3 Nb5+ 52. Kd3 Rh3+ 53. Ne3 Nxa3 54. c4 Rh2 (54... Rh5 $142 55. Rf8+ Ke5) 55. b5 {[%cal Bb4b5,Bb5b6][%mdl 32]} Rb2 {[#]} 56. b6 $1 {[%mdl 512]} Rb3+ (56... Rxb6 57. Nd5+) 57. Kd4 h5 58. Nd5+ Kg4 59. Rg8+ Kf3 60. Rh8 Kg4 61. c5 Rb2 62. c6 Rd2+ 63. Kc5 Rc2+ 64. Kb4 Nc4 65. b7 Ne5 66. Ne3+ {Accuracy: White = 82%, Black = 40%.} 1-0

[Event "FIDE Chesscom Grand Swiss 2019"]
[Site "Douglas-Isle of Man"]
[Date "2019.10.21"]
[Round "11.38"]
[White "Jansa, Vlastimil"]
[Black "Zatonskih, Anna"]
[Result "1-0"]
[WhiteElo "2452"]
[BlackElo "2422"]
[Annotator "TA"]
[PlyCount "133"]
[EventDate "2019.10.10"]
[EventType "swiss"]
[EventCountry "GBR"]
[SourceTitle "playchess.com"]
[Source "ChessBase"]
[SourceQuality "1"]

{[%evp 13,133,0,9,-2,0,0,11,12,26,16,16,20,8,14,13,12,31,13,18,2,5,5,7,6,16,-5,18,0,19,18,14,0,0,0,0,0,0,-97,30,20,42,0,40,0,41,31,35,0,0,6,18,0,21,27,42,39,55,23,79,79,79,72,79,79,79,79,79,79,79,79,88,79,80,60,72,72,72,72,79,76,139,72,110,79,79,72,72,72,72,42,63,62,70,70,72,72,295,295,510,487,607,565,660,417,537,518,1595,1704,1670,1379,1617,1560,1555,1322,1307,1124,897,690,1300,1537,2379,2220]} 1. e4 e5 2. Nf3 Nf6 3. Nxe5 d6 4. Nf3 Nxe4 5. Bd3 Nf6 6. h3 Be7 7. O-O O-O 8. c3 {C42: Petroff Defence: 3 Nxe5 and unusual White 3rd moves} Re8 9. Bc2 b6 (9... d5 10. Re1 Bd6 11. d4 Nbd7 12. Nbd2 Rxe1+ 13. Qxe1 b6 {1-0 (95) Aronian,L (2767)-Giri,A (2782) chess.com INT 2018}) 10. d4 {The position is equal.} Bb7 11. Re1 Nbd7 12. Bf4 Bf8 13. Rxe8 Qxe8 14. Nbd2 Qe7 $146 ({Predecessor:} 14... Ne4 15. Nxe4 Bxe4 {½-½ (28) Satyapragyan,S (2438)-Suvrajit,S (2390) Mumbai 2003}) 15. Bb3 Re8 16. Qf1 h6 17. Re1 Qd8 $1 18. Rxe8 Qxe8 19. c4 g6 20. Ba4 Bg7 21. b4 Qa8 22. a3 a5 23. Qd1 axb4 24. axb4 Nf8 25. d5 {[#]} (25. Be3 $11) 25... N8d7 (25... Bxd5 $1 $17 26. cxd5 Nxd5 27. Bxd6 Nc3) 26. Qc2 Qd8 27. Bb5 Qa8 (27... g5 $5 {[%cal Rg5f4]} 28. Be3 Nh5 $14) 28. Ba4 Qd8 29. Nb3 Qe7 30. Bb5 Ne5 31. Nfd4 Bc8 32. Qd2 (32. Qa2 {is more complex.} Kh7 33. Qe2 Nh5 34. Bd2 Qh4 35. Qe3) 32... Bd7 {next ...Bxb5 is good for Black.} (32... g5 {is interesting.} 33. Be3 g4 34. h4 Ne4 35. Qc2 f5) 33. Qe2 Bxb5 34. Nxb5 Nh5 35. Bd2 {Threatens to win with g4.} Qd8 (35... Qh4 $11) 36. f4 $16 Nd7 37. N3d4 Nb8 38. g4 Nf6 39. Bc3 Qd7 40. Qf3 Qe7 41. Kg2 Ne8 42. Bd2 Bf6 43. Qe3 (43. Qd3 {looks sharper.} Bg7 44. Bc3 Qd7 45. Qe4 Nf6 46. Qf3) 43... Qxe3 44. Bxe3 Bxd4 45. Nxd4 $14 {[%mdl 4096] Endgame KBN-KNN} Kf8 46. Kf3 Ke7 (46... Nd7 $142) 47. Bf2 (47. f5 $142) 47... f6 48. Ke4 Ng7 49. h4 Nd7 50. Nc6+ Kf7 51. Kd3 Ke8 52. Nd4 Nf8 53. Ke4 h5 54. g5 f5+ $2 {[#]} (54... fxg5 $16 55. hxg5 (55. fxg5 Nd7 $16) 55... Ke7) 55. Kd3 $18 Nd7 $2 (55... Ke7 56. Be3 Kd7) 56. Nc6 Nf8 57. Bd4 Kf7 58. Nd8+ Kg8 59. Kc3 {White is clearly winning.} Nd7 (59... Ne8 $142 60. Kb3 Nd7) 60. Bxg7 Kxg7 {KN-KN} 61. Ne6+ Kf7 62. Nxc7 Ke7 63. Nb5 Nb8 64. Kb3 Kd7 65. Nd4 Kc8 66. Ka4 Kb7 67. Nb5 {Accuracy: White = 50%, Black = 45%.} 1-0

[Event "FIDE Chesscom Grand Swiss 2019"]
[Site "Douglas-Isle of Man"]
[Date "2019.10.21"]
[Round "11.39"]
[White "Sebag, Marie"]
[Black "Allen, Keith"]
[Result "1-0"]
[WhiteElo "2445"]
[BlackElo "2161"]
[Annotator "NA"]
[PlyCount "57"]
[EventDate "2019.10.10"]
[EventType "swiss"]
[EventCountry "GBR"]
[SourceTitle "playchess.com"]
[Source "ChessBase"]
[SourceQuality "1"]
[TimeControl "40/6000+30:20/3000+30:900+30"]

1. e4 {[%emt 0:00:00]} c6 {[%emt 0:02:48]} 2. d4 {[%emt 0:00:00]} d5 {[%emt 0:00:50]} 3. e5 {[%emt 0:00:14]} Bf5 {[%emt 0:00:17]} 4. Nf3 {[%emt 0:00:17]} e6 {[%emt 0:00:13]} 5. Be2 {[%emt 0:00:17]} Ne7 {[%emt 0:00:27]} 6. O-O {[%emt 0:00:42]} c5 {[%emt 0:00:43]} 7. c4 {[%emt 0:00:24]} Nbc6 {[%emt 0:04:15]} 8. dxc5 {[%emt 0:00:27]} d4 {[%emt 0:03:06]} 9. Qb3 {[%emt 0:01:33]} Ng6 {[%emt 0:11:58]} 10. Qxb7 {[%emt 0:03:29]} Qc8 {[%emt 0:02:04]} 11. Qxc8+ {[%emt 0:03:35]} Rxc8 {[%emt 0:00:07]} 12. a3 {[%emt 0:00:33]} a5 {[%emt 0:35:59]} 13. b4 {[%emt 0:01:17]} axb4 {[%emt 0:10:39]} 14. axb4 {[%emt 0:00:10]} Nxb4 {[%emt 0:01:10]} 15. Nxd4 {[%emt 0:00:57]} Bxc5 {[%emt 0:06:47]} 16. Nxf5 {[%emt 0:00:57]} exf5 {[%emt 0:00:04]} 17. Ra4 {[%emt 0:09:14]} Nxe5 {[%emt 0:02:24]} 18. Ba3 {[%emt 0:20:11]} Rb8 {[%emt 0:05:07]} 19. Ra5 {[%emt 0:02:46]} Bd6 {[%emt 0:06:23]} 20. Rd1 {[%emt 0:06:15]} Nec6 {[%emt 0:00:36]} 21. Rxf5 {[%emt 0:05:33]} Be7 {[%emt 0:00:17]} 22. Nc3 {[%emt 0:07:39]} O-O {[%emt 0:01:29]} 23. Nd5 {[%emt 0:07:15]} Rfe8 {[%emt 0:01:32]} 24. Nxe7+ {[%emt 0:07:21]} Nxe7 {[%emt 0:02:16]} 25. Rb5 {[%emt 0:02:25]} Nbc6 {[%emt 0:00:25]} 26. Bf3 {[%emt 0:01:42]} Rbd8 {[%emt 0:00:35]} 27. Rxd8 {[%emt 0:01:46]} Nxd8 {[%emt 0:01:56]} 28. Kf1 {[%emt 0:04:53]} Nc8 {[%emt 0:03:26]} 29. Rb8 {[%emt 0:02:12]} 1-0

[Event "FIDE Chesscom Grand Swiss 2019"]
[Site "Douglas-Isle of Man"]
[Date "2019.10.21"]
[Round "11.40"]
[White "Dahl, Baard"]
[Black "Clarke, Brandon G I"]
[Result "0-1"]
[WhiteElo "2067"]
[BlackElo "2445"]
[Annotator "NA"]
[PlyCount "80"]
[EventDate "2019.10.10"]
[EventType "swiss"]
[EventCountry "GBR"]
[SourceTitle "playchess.com"]
[Source "ChessBase"]
[SourceQuality "1"]
[TimeControl "40/6000+30:20/3000+30:900+30"]

1. d4 {[%emt 0:00:00]} Nf6 {[%emt 0:00:00]} 2. Nf3 {[%emt 0:00:00]} g6 {[%emt 0:00:00]} 3. Nbd2 {[%emt 0:00:00]} c5 {[%emt 0:09:30]} 4. dxc5 {[%emt 0:00:00]} Qa5 {[%emt 0:01:09]} 5. a3 {[%emt 0:00:00]} Qxc5 {[%emt 0:02:18]} 6. b4 {[%emt 0:00:01]} Qc7 {[%emt 0:01:04]} 7. Bb2 {[%emt 0:00:29]} Bg7 {[%emt 0:00:05]} 8. c4 {[%emt 0:00:36]} O-O {[%emt 0:00:23]} 9. e3 {[%emt 0:00:24]} a5 {[%emt 0:09:45]} 10. Be2 {[%emt 0:19:37]} Nc6 {[%emt 0:00:35]} 11. Qb3 {[%emt 0:14:05]} d6 {[%emt 0:07:53]} 12. O-O {[%emt 0:12:45]} Be6 {[%emt 0:04:21]} 13. Bc3 {[%emt 0:04:27]} Nd7 {[%emt 0:06:22]} 14. Bxg7 {[%emt 0:00:47]} Kxg7 {[%emt 0:00:03]} 15. Ng5 {[%emt 0:02:41]} Bf5 {[%emt 0:01:21]} 16. e4 {[%emt 0:01:28]} Be6 {[%emt 0:04:14]} 17. Nxe6+ {[%emt 0:01:12]} fxe6 {[%emt 0:00:04]} 18. Qb2+ {[%emt 0:10:28]} e5 {[%emt 0:00:33]} 19. Nf3 {[%emt 0:01:53]} Qb6 {[%emt 0:06:27]} 20. Rad1 {[%emt 0:06:38]} axb4 {[%emt 0:08:38]} 21. axb4 {[%emt 0:00:29]} Qxb4 {[%emt 0:06:44]} 22. Qxb4 {[%emt 0:00:16]} Nxb4 {[%emt 0:00:02]} 23. Rb1 {[%emt 0:00:11]} Nc6 {[%emt 0:03:05]} 24. Rxb7 {[%emt 0:01:44]} Nc5 {[%emt 0:00:23]} 25. Rc7 {[%emt 0:00:39]} Ra6 {[%emt 0:00:26]} 26. Rb1 {[%emt 0:03:57]} Kf6 {[%emt 0:00:48]} 27. Bf1 {[%emt 0:08:48]} Rfa8 {[%emt 0:00:23]} 28. g4 {[%emt 0:05:25]} g5 {[%emt 0:01:35]} 29. h4 {[%emt 0:01:29]} h6 {[%emt 0:02:00]} 30. hxg5+ {[%emt 0:00:35]} hxg5 {[%emt 0:00:03]} 31. Ne1 {[%emt 0:01:55]} Nd4 {[%emt 0:01:19]} 32. Nd3 {[%emt 0:01:31]} Nxd3 {[%emt 0:01:22]} 33. Bxd3 {[%emt 0:00:06]} Ne6 {[%emt 0:00:05]} 34. Rcb7 {[%emt 0:01:54]} Nc5 {[%emt 0:00:04]} 35. Bf1 {[%emt 0:02:33]} Nxb7 {[%emt 0:00:04]} 36. Rxb7 {[%emt 0:00:05]} Ra1 {[%emt 0:00:41]} 37. Rb3 {[%emt 0:03:45]} Re1 {[%emt 0:00:41]} 38. Kg2 {[%emt 0:01:48]} Rxe4 {[%emt 0:00:28]} 39. Kg3 {[%emt 0:00:07]} Ra1 {[%emt 0:00:33]} 40. Bd3 {[%emt 0:00:34]} Rg1+ {[%emt 0:00:35]} 0-1

[Event "FIDE Chesscom Grand Swiss 2019"]
[Site "Douglas-Isle of Man"]
[Date "2019.10.21"]
[Round "11.41"]
[White "Kolbus, Dietmar"]
[Black "Nebolsina, Vera"]
[Result "1/2-1/2"]
[WhiteElo "2300"]
[BlackElo "2252"]
[Annotator "TA"]
[PlyCount "63"]
[EventDate "2019.10.10"]
[EventType "swiss"]
[EventCountry "GBR"]
[SourceTitle "playchess.com"]
[Source "ChessBase"]
[SourceQuality "1"]

{[%evp 13,63,47,60,28,19,0,0,0,0,0,4,0,0,0,-12,0,0,-96,-90,-74,-68,-152,-140,-251,-241,-258,-262,-259,-70,-76,-77,-77,-68,-74,-45,-46,-51,-52,-49,-59,-45,-51,-25,-25,0,-37,0,-25,0,0,0,0]} 1. c4 Nf6 2. Nc3 g6 3. e4 d6 4. d4 Bg7 5. f3 O-O 6. Be3 Nbd7 7. Qd2 a6 8. Nge2 {E81: King's Indian: Sämisch: 6th move deviations (including 6 Be3 c6)} b5 9. cxb5 axb5 10. Nxb5 c6 11. Nbc3 e5 12. Rd1 d5 (12... Re8 13. Ng3 d5 14. Be2 h5 15. O-O {½-½ (50) Ding,L (2805)-Grischuk,A (2775) Stavanger 2019}) 13. exd5 Nxd5 14. Nxd5 cxd5 15. dxe5 $146 (15. Nc3 $11) ({Predecessor:} 15. Nc3) 15... Nxe5 $17 {aiming for ...Nc4.} 16. Nc3 {[#]} Re8 $1 17. Kf2 {[#]} ({White should play} 17. Bb5 $15 Nc4 18. Bxc4 Qh4+ {[%mdl 64] Double Attack} 19. Kf1 Qxc4+ 20. Kf2) 17... Qh4+ $1 18. g3 (18. Kg1 $17 d4 19. Bxd4) 18... Qf6 $19 {Strongly threatening ...Ng4+.} 19. Bf4 {[#]} Nxf3 $1 {[%mdl 512]} 20. Nxd5 (20. Kxf3 d4) 20... Nxd2 $2 (20... Qf5 $19 21. Kxf3 Rxa2) 21. Nxf6+ $15 Bxf6 22. Rxd2 Rxa2 23. Bb5 {[#]} Bd4+ $1 {[%mdl 512]} 24. Rxd4 Rxb2+ {[%mdl 64] Double Attack} 25. Rd2 Rxb5 26. Re1 Be6 27. Re5 Rxe5 (27... Rb7 {is more complex.} 28. h4 Kg7 29. Ree2 Rb5 30. Rb2 Rf5) 28. Bxe5 f6 29. Bd4 Ra8 30. Rb2 Ra2 31. Rxa2 Bxa2 32. Bxf6 {Accuracy: White = 50%, Black = 57%.} 1/2-1/2